[Event "Skopje op-B"]
[Site "Skopje"]
[Date "2024.12.17"]
[Round "9"]
[White "Vural, Kerem Ege"]
[Black "Bozhinovski, Andrej"]
[Result "0-1"]
[WhiteElo "1432"]
[BlackElo "1646"]
[PlyCount "67"]
[EventDate "2024.12.11"]
[EventType "swiss"]
[EventRounds "9"]
[EventCountry "MKD"]
[SourceTitle "CB52_2024"]
[SourceDate "2024.12.25"]
[SourceVersion "1"]
[SourceVersionDate "2024.12.25"]
[SourceQuality "1"]

1. d4 d5 2. Bf4 Bf5 3. e3 Nf6 4. c4 c6 5. Qb3 Qd7 6. h3 e6 7. Nf3 Qc8 8. Nc3 Nbd7 9. Be2 Be7 10. 0-0 0-0 11. Rac1 Nb6 12. c5 Nbd7 13. Rfe1 h6 14. Bd1 g5 15. Bh2 g4 16. hxg4 Nxg4 17. Bf4 Kh8 18. e4 dxe4 19. Nxe4 Bxe4 20. Rxe4 Ndf6 21. Re1 Nd5 22. Bg3 h5 23. Bc2 f5 24. Bb1 Rg8 25. a3 Bg5 26. Nxg5 Rxg5 27. Bd6 Qd7 28. Qh3 Rag8 29. Re2 Kh7 30. Rce1 R8g6 31. f3 Ngf6 32. Rxe6 Rxg2+ 33. Qxg2 Rxg2+ 34. Kxg2 0-1

[Event "Skopje op-B"]
[Site "Skopje"]
[Date "2024.12.16"]
[Round "8"]
[White "Vural, Kerem Ege"]
[Black "Golubovic, Tomislav"]
[Result "1-0"]
[WhiteElo "1432"]
[BlackElo "1732"]
[PlyCount "46"]
[EventDate "2024.12.11"]
[EventType "swiss"]
[EventRounds "9"]
[EventCountry "MKD"]
[SourceTitle "CB52_2024"]
[SourceDate "2024.12.25"]
[SourceVersion "1"]
[SourceVersionDate "2024.12.25"]
[SourceQuality "1"]

1. d4 d5 2. Bf4 Nf6 3. e3 Bf5 4. c4 e6 5. Qb3 Nbd7 6. Nc3 dxc4 7. Bxc4 Nb6 8. Be2 c6 9. h3 Bd6 10. Bxd6 Qxd6 11. Nf3 0-0 12. 0-0 Rab8 13. Rac1 Rbc8 14. Rfd1 Ne4 15. Ne5 Nd7 16. f4 Nxc3 17. Rxc3 Be4 18. Bd3 Nf6 19. Qc2 Bxd3 20. Qxd3 Nd5 21. Rcc1 f6 22. Nc4 Qd7 23. Nd2 a6 1-0

[Event "Skopje op-B"]
[Site "Skopje"]
[Date "2024.12.15"]
[Round "6"]
[White "Vural, Kerem Ege"]
[Black "Abdurahman, Ahmet Selim"]
[Result "1/2-1/2"]
[WhiteElo "1432"]
[BlackElo "1571"]
[PlyCount "39"]
[EventDate "2024.12.11"]
[EventType "swiss"]
[EventRounds "9"]
[EventCountry "MKD"]
[SourceTitle "CB52_2024"]
[SourceDate "2024.12.25"]
[SourceVersion "1"]
[SourceVersionDate "2024.12.25"]
[SourceQuality "1"]

1. d4 d5 2. Bf4 Bf5 3. e3 Nf6 4. c4 e6 5. Qb3 b6 6. Nc3 c6 7. h3 Bd6 8. Bxd6 Qxd6 9. Nf3 Nbd7 10. Be2 h6 11. 0-0 0-0 12. Rfd1 Bh7 13. Rac1 Rac8 14. Na4 dxc4 15. Qc3 b5 16. Nc5 Nxc5 17. dxc5 Qxc5 18. b3 Qa3 19. bxc4 Qxc3 20. Rxc3 1/2-1/2

[Event "Skopje op-B"]
[Site "Skopje"]
[Date "2024.12.14"]
[Round "5"]
[White "Ajrula, Adnan"]
[Black "Vural, Kerem Ege"]
[Result "0-1"]
[WhiteElo "1803"]
[BlackElo "1432"]
[PlyCount "78"]
[EventDate "2024.12.11"]
[EventType "swiss"]
[EventRounds "9"]
[EventCountry "MKD"]
[SourceTitle "CB52_2024"]
[SourceDate "2024.12.25"]
[SourceVersion "1"]
[SourceVersionDate "2024.12.25"]
[SourceQuality "1"]

1. d4 d5 2. c4 c6 3. Nc3 Nf6 4. Bg5 Ne4 5. Nxe4 dxe4 6. Be3 Bf5 7. Qb3 Qc7 8. g3 e6 9. Bh3 Bg6 10. Bf4 Qc8 11. d5 Bf5 12. dxe6 fxe6 13. 0-0-0 Be7 14. Be5 0-0 15. Bg2 Bg5+ 16. e3 Nd7 17. Bf4 Be7 18. Qc2 e5 19. Rxd7 Qxd7 20. Bxe5 Rad8 21. Ne2 Bf6 22. Bxf6 Rxf6 23. Nd4 Bg6 24. Rf1 Qe7 25. b3 c5 26. Ne2 h6 27. Nf4 Bh7 28. Nd5 Qe5 29. Nxf6+ gxf6 30. Kb1 Rd3 31. Rd1 Qh5 32. Rh1 Qe5 33. Rc1 Qd6 34. Bf1 Rd2 35. Qc3 Rxf2 36. h4 b6 37. Bh3 Qxg3 38. Be6+ Kg7 39. Rd1 Qxh4 0-1

[Event "Skopje op-B"]
[Site "Skopje"]
[Date "2024.12.14"]
[Round "4"]
[White "Vural, Kerem Ege"]
[Black "Panevski, Darko"]
[Result "0-1"]
[WhiteElo "1432"]
[BlackElo "1655"]
[PlyCount "72"]
[EventDate "2024.12.11"]
[EventType "swiss"]
[EventRounds "9"]
[EventCountry "MKD"]
[SourceTitle "CB52_2024"]
[SourceDate "2024.12.25"]
[SourceVersion "1"]
[SourceVersionDate "2024.12.25"]
[SourceQuality "1"]

1. d4 d6 2. Bf4 f6 3. e3 e5 4. Bg3 h5 5. h3 h4 6. Bh2 e4 7. c4 Be6 8. Nc3 Nd7 9. Nxe4 d5 10. cxd5 Bxd5 11. Nc3 Bb4 12. a3 Bxc3+ 13. bxc3 Nb6 14. c4 Nxc4 15. Bxc4 Bxc4 16. Qa4+ b5 17. Qc2 Ne7 18. Nf3 c5 19. Qd2 Rh5 20. Rg1 Qd5 21. Rb1 Qe4 22. Rc1 Rd8 23. Qc3 cxd4 24. Nxd4 Rhd5 25. f3 Qh7 26. Kf2 Qh6 27. Rge1 Kf7 28. Kg1 Qg6 29. Qb2 Nf5 30. Nxf5 Rd2 31. Nxh4 Qg5 32. Rc2 Rd1 33. Rc1 R8d2 34. Qb4 Qxe3+ 35. Kh1 Qxe1+ 36. Bg1 Qxh4 0-1

[Event "Skopje op-B"]
[Site "Skopje"]
[Date "2024.12.11"]
[Round "1"]
[White "Ibrahimi, Besnik"]
[Black "Vural, Kerem Ege"]
[Result "1/2-1/2"]
[WhiteElo "1736"]
[BlackElo "1432"]
[PlyCount "70"]
[EventDate "2024.12.11"]
[EventType "swiss"]
[EventRounds "9"]
[EventCountry "MKD"]
[SourceTitle "CB52_2024"]
[SourceDate "2024.12.25"]
[SourceVersion "1"]
[SourceVersionDate "2024.12.25"]
[SourceQuality "1"]

1. e4 d5 2. exd5 Nf6 3. Bb5+ Bd7 4. Bxd7+ Qxd7 5. c4 c6 6. Nf3 cxd5 7. cxd5 Nxd5 8. 0-0 e6 9. d4 Nc6 10. Nc3 Nxc3 11. bxc3 Bd6 12. Ng5 h6 13. Ne4 Be7 14. Qg4 Bf8 15. Ba3 Bxa3 16. Qxg7 0-0-0 17. Rab1 f5 18. Qxd7+ Rxd7 19. Nf6 Rf7 20. Nh5 Bd6 21. Rfe1 e5 22. d5 Nd8 23. Ng3 b6 24. a4 Nb7 25. c4 Re8 26. Ne2 Rc7 27. Nc3 Kd7 28. Nb5 Rxc4 29. Nxa7 Rxa4 30. Nc6 Ra6 31. g3 e4 32. Nd4 Re5 33. Rb5 Bc5 34. Rc1 Ra8 35. Ne6 Kd6 1/2-1/2